000 00504nam a2200181Ia 4500
005 20250326125534.0
008 250326s9999 xx 000 0 und d
037 _aTextbook
040 _aFMSL
_beng
_cFMSL
041 _aeng
_2eng
084 _aS:6(T) K4
_qFMSL
100 _aTeevan R C
_9736313
245 0 _aTheories of motivation in learning
_cTeevan R C
260 _aNew Jersey
_bNew Jersey, Princeton
_c1964
300 _a215p
942 _cTB
_hS:6(T) K4
999 _c1278484
_d1278484